000 00366 a2200157 4500
001 59986
020 _a9783190118717
040 _cAnchieta - Pituba
100 _aDouvitsas, Jutta
240 1 0 _aDie bremer stadtmusikanten
_lpor
245 1 0 _aDie bremer stadtmusikanten
300 _a24
362 0 _a2007
650 4 _aLiteratura juvenil em alemão
942 _cBK
999 _c59986
_d59986